Statistiken für Tonarten

Klicken Sie hier um das Quiz zu spielen!

Allgemein

  • Dieses Quiz wurde 66 mal gespielt
  • Das Durchschnittsergebnis liegt bei 17 aus 26

Antwortstatistiken

HintAntwort% Korrekt
keinC-Dur
93%
2 #D-Dur
83%
bF-Dur
83%
#G-Dur
83%
5 #H-Dur
83%
6 #Fis-Dur
81%
3 #A-Dur
80%
4 #E-Dur
80%
2 bB-Dur
74%
keina-Moll
70%
4 bAs-Dur
65%
3 bEs-Dur
65%
6 bGes-Dur
63%
5 bDes-Dur
61%
2 #h-Moll
61%
bd-Moll
59%
3 bc-Moll
57%
#e-Moll
57%
2 bg-Moll
57%
5 bb-Moll
54%
4 #cis-Moll
54%
3 #fis-Moll
52%
4 bf-Moll
52%
5 #gis-Moll
52%
6 #dis-Moll
48%
6 bes-Moll
43%

Verteilung der Resultate

Perzentil nach korrekt beantworteten Fragen

Anzahl Personen mit jedem Resultat

Ihre Resultats-Entwicklung

Sie haben dieses Quiz noch nicht gespielt